| 000 | 00436 a2200145 4500 | ||
|---|---|---|---|
| 999 |
_c5473 _d5473 |
||
| 020 | _a9780321587336 | ||
| 050 | _aQC861.3 LUT 2010 | ||
| 100 |
_aLutgens Frederick K _eAuthor |
||
| 245 |
_aThe Attmosphere: _bAn Introduction to Meteorology/ _cFrederick k Lutgens |
||
| 264 |
_aNew York _bPrentice Hall _c2010 |
||
| 300 |
_a508p. _bill. (col.) |
||
| 500 | _aIncludes index | ||
| 650 | _aAtmosphere | ||
| 942 |
_2lcc _cBK _e11th. ed _h861.3 _iLUT _kQC |
||